God Listens: (Record no. 4509)

MARC details
000 -LEADER
fixed length control field 00486nam a22001697a 4500
003 - CONTROL NUMBER IDENTIFIER
control field GBCCL
005 - DATE AND TIME OF LATEST TRANSACTION
control field 20241126110520.0
008 - FIXED-LENGTH DATA ELEMENTS--GENERAL INFORMATION
fixed length control field 180123b xxu||||| |||| 00| 0 eng d
040 ## - CATALOGING SOURCE
Transcribing agency gbc
082 ## - DEWEY DECIMAL CLASSIFICATION NUMBER
Classification number 248.32
Item number CHA
100 ## - MAIN ENTRY--PERSONAL NAME
Personal name Chadwick, Samuel
9 (RLIN) 8384
245 ## - TITLE STATEMENT
Title God Listens:
Remainder of title To the crying heart in the secret place /
Statement of responsibility, etc. Samuel Chadwick
260 ## - PUBLICATION, DISTRIBUTION, ETC.
Place of publication, distribution, etc. Westchester:
Name of publisher, distributor, etc. Good News Publishers,
Date of publication, distribution, etc. 1973
300 ## - PHYSICAL DESCRIPTION
Extent 90 p.;
Dimensions 19 cm.
650 ## - SUBJECT ADDED ENTRY--TOPICAL TERM
Topical term or geographic name entry element Prayer
Form subdivision Christianity
9 (RLIN) 9341
942 ## - ADDED ENTRY ELEMENTS (KOHA)
Source of classification or shelving scheme Dewey Decimal Classification
Koha item type Books
Holdings
Withdrawn status Lost status Source of classification or shelving scheme Damaged status Not for loan Home library Current Library Shelving location Date acquired Total checkouts Full call number Barcode Date last seen Copy number Price effective from Koha item type
    Dewey Decimal Classification     GRACE BIBLE COLLEGE GRACE BIBLE COLLEGE Ministry & Mission 2018-01-23   248.32 CHA 009821 2021-01-25 c.1 2018-01-23 Books
© Grace Bible College Library 2025